15 Największych miast w województwie Mazowieckim - Statystyki

Ogólne statystyki
  • Ten quiz został rozwiązany 32 razy
  • Średni wynik to 12 z 15
Statystyki odpowiedzi
nr ludność miasto % Poprawnych
2 197,000 Radom
100%
1 1,861,000 Warszawa
100%
3 112,000 Płock
96%
5 66,000 Pruszków
93%
4 76,000 Siedlce
93%
7 52,000 Piaseczno
89%
15 36,000 Wołomin
82%
11 44,000 Otwock
79%
12 42,000 Ciechanów
75%
6 53,000 Legionowo
75%
13 40,000 Mińsk Mazowiecki
75%
8 49,000 Ostrołęka
75%
14 39,000 Żyrardów
71%
10 45,000 Ząbki
68%
9 46,000 Marki
64%
Nie znaleziono quizów pasujących do podanych kryteriów
Rozkład punktacji
Procent ludzi z każdym wynikiem
Percentyl według liczby udzielonych odpowiedzi
Twoja historia wyników
Nie rozwiązałeś tego quizu